00373cam a22001217a 4500008004000000082001700040100001900057245009400076260002400170300001000194650001800204650002900222180718b1996 xxu||||| |||| 00| 0 eng d aB135x54 Sr34 aSrinivas, M.N. aVillage, caste, gender and method: essays in Indian social anthropologycby M.N. Srinivas aDelhibOxfordc1996 a244p. aCaste - India aSociology, Rural - India